Städte Asiens - Sudden Death - Statistiken

Allgemein
  • Dieses Quiz wurde 306 mal gespielt
  • Das Durchschnittsergebnis liegt bei 6 aus 19
Answers on the Grid
Answers color-coded by a green-red scale on the quiz's grid according to % correct below.
Kochi
Lagos
Kobe
Daressalam
Multan
Burgos
Almaty
Jakutsk
Durango
Samarkand
Libreville
Jaipur
Lublin
Oulu
Davao
Goiania
Adana
Hefei
Recife
Täbris
Lubumbashi
Zwolle
Rajkot
Amiens
Busan
Sendai
Durban
Dammam
Dundee
Changchun
Agra
Harare
Ibadan
Surat
Krasnojarsk
Klaipeda
 
Antwortstatistiken
Antwort % Korrekt
Jaipur
58%
Kobe
56%
Jakutsk
50%
Almaty
47%
Changchun
44%
Busan
39%
Kochi
38%
Adana
35%
Agra
30%
Krasnojarsk
30%
Samarkand
25%
Surat
24%
Multan
23%
Sendai
23%
Dammam
19%
Hefei
19%
Rajkot
18%
Davao
13%
Täbris
13%
Keine übereinstimmenden Quizze gefunden
Verteilung der Resultate
Anzahl Personen mit jedem Resultat
Perzentil nach korrekt beantworteten Fragen
Ihre Resultats-Entwicklung
Sie haben dieses Quiz noch nicht gespielt